000 00560nam a22001817a 4500
003 OSt
005 20260430020608.0
008 260430b |||||||| |||| 00| 0 eng d
020 _a971- 08-1377-3
040 _aDWC-Main Lib.
_cOC
082 _aRes. 808.6 M72 1973
100 _aDe Guzman, Maria O.
245 _aModel letters for all occasions, sentence stress, and emphasis/
_cMaria O. De Guzman
260 _bNational Book Store ,
_cc1973.
300 _a81 p. ;
_c18 cm.
650 _a1. Collections of letters.
942 _2ddc
_cBK-0 CIRC
_hRes.
_n0
999 _c10068
_d10068